Advanced programmers guide to UNIX SYSTEM V

Bibliographic Details
Main Author: Thomas, Rebecca
Format: Book
Published: Berkeley : Osborne McGraw-Hill , 1986
Subjects:

MARC

LEADER 00000cam a2200000 7i4500
001 0000003036
002 000003288
005 20000330.0
020 |a 0070991847 
090 0 0 |a 005.43   |b THO 
100 1 |a Thomas, Rebecca 
245 1 0 |a Advanced programmers guide to UNIX SYSTEM V   |c Rebecca Thomas 
260 |a Berkeley :   |b Osborne McGraw-Hill ,   |c 1986 
300 |a 575 p. ;   |c 21 cm. 
630 0 0 |a UNIX (Computer file) 
650 0 0 |a UNIX system 
999 |a 035841   |b BUKU   |c PINJAMAN   |e PERPUSTAKAAN KOMUNITI PETALING JAYA 
999 |a 035842   |b BUKU   |c PINJAMAN   |e PERPUSTAKAAN KOMUNITI PETALING JAYA